| Tag |
First Indicator |
Second Indicator |
Subfields |
| LEADER |
00000cam a22000001 4500 |
| 001 |
in00000200821 |
| 005 |
20151009062559.0 |
| 008 |
730109s1961 nyu 00000ceng |
| 010 |
|
|
|a 61006270
|
| 035 |
|
|
|a (OCoLC)00964894
|
| 035 |
|
|
|9 AAX8403AM
|
| 040 |
|
|
|a DLC
|c DLC
|d TXA
|d UtOrBLW
|
| 043 |
|
|
|a n-mx---
|
| 049 |
|
|
|a TXAM
|c 1 [427796]
|c 2 [903584]
|c 3 [402665]
|
| 050 |
0 |
0 |
|a HQ562
|b .L38
|
| 082 |
0 |
|
|a 309.172
|
| 100 |
1 |
|
|a Lewis, Oscar,
|d 1914-1970.
|
| 245 |
1 |
4 |
|a The children of Sanchez, autobiography of a Mexican family.
|
| 264 |
|
1 |
|a New York :
|b Random House,
|c [1961]
|
| 300 |
|
|
|a 499 pages ;
|c 24 cm.
|
| 336 |
|
|
|a text
|b txt
|2 rdacontent
|
| 337 |
|
|
|a unmediated
|b n
|2 rdamedia
|
| 338 |
|
|
|a volume
|b nc
|2 rdacarrier
|
| 650 |
|
0 |
|a Families
|z Mexico
|x Case studies.
|
| 651 |
|
0 |
|a Mexico City (Mexico)
|x Poor.
|
| 651 |
|
0 |
|a Mexico
|x Social conditions.
|
| 999 |
|
|
|a MARS
|
| 999 |
f |
f |
|s fc1abd93-4190-32e7-8baf-545807759de8
|i 8aa4c168-ab91-32ad-8098-2d5ec0efdbfe
|t 0
|
| 952 |
f |
f |
|p normal
|a Texas A&M University
|b College Station
|c Sterling C. Evans Library
|d Evans: Library Stacks
|t 0
|e HQ562 .L38
|h Library of Congress classification
|i unmediated -- volume
|m A14802958997
|
| 998 |
f |
f |
|a HQ562 .L38
|t 0
|l Evans: Library Stacks
|